000 00777nam a2200265Ia 4500
003 OSt
005 20221007110356.0
006 a|||||r|||| 00| 0
007 ta
008 221006b |||||||| |||| 00| 0 eng d
024 _a21,004
037 _cTextual
040 _aLCO
_cLCO
_beng
041 _2eng
_aeng
082 _aZ281,211, K9
100 _aShukla Shiv Shankar
_9707398
245 0 _aBuilding Bye Laws
250 _a1st
260 _aDelhi
_bFederal Law Depot India
_c1969
300 _a200
500 _aExhaustive Commentary on the Delhi Municipal Corporation; Commentary on the Delhi Municipal Corporation Act 1958
650 _aBUILDING
_9259622
942 _hZ281,211, K9
_cTEXL
999 _c1190567
_d1190567